Afectación por plantas parasitas dentro del área de protección de Recursos Naturales Cuenca Hidrográfica del Río Necaxa / (Record no. 219884)
[ view plain ]
| 000 -CABECERA | |
|---|---|
| campo de control de longitud fija | 01644nam a2200337 4500 |
| 003 - IDENTIFICADOR DEL NÚMERO DE CONTROL | |
| campo de control | OSt |
| 005 - FECHA Y HORA DE LA ÚLTIMA TRANSACCIÓN | |
| campo de control | 20240610105018.0 |
| 007 - CAMPO FIJO DE DESCRIPCIÓN FÍSICA--INFORMACIÓN GENERAL | |
| campo de control de longitud fija | cr ||||||a|c|a |
| 008 - DATOS DE LONGITUD FIJA--INFORMACIÓN GENERAL | |
| campo de control de longitud fija | 240425s2024 mx a|||fom||| 001 0 spa d |
| 040 ## - FUENTE DE LA CATALOGACIÓN | |
| Normas de descripción | rda |
| 100 1# - ENTRADA PRINCIPAL--NOMBRE DE PERSONA | |
| 9 (RLIN) | 189021 |
| Nombre de persona | Hernández Gayosso, Federico |
| 245 10 - MENCIÓN DE TÍTULO | |
| Título | Afectación por plantas parasitas dentro del área de protección de Recursos Naturales Cuenca Hidrográfica del Río Necaxa / |
| Mención de responsabilidad, etc. | por Federico Hernández Gayosso; director Mario Castelán Lorenzo; secretario Javier Santillán Pérez; vocal Filiberto Zavala Zaragoza; suplente Juan Uriel Avelar Robledo; suplente Elimelec Anzures Vázquez. |
| 264 #1 - PRODUCCIÓN, PUBLICACIÓN, DISTRIBUCIÓN, FABRICACIÓN Y COPYRIGHT | |
| Producción, publicación, distribución, fabricación y copyright | Chapingo, México : |
| Nombre del de productor, editor, distribuidor, fabricante | El autor, |
| Fecha de producción, publicación, distribución, fabricación o copyright | 2024. |
| 300 ## - DESCRIPCIÓN FÍSICA | |
| Extensión | 1 recurso en línea (91 páginas): |
| Otras características físicas | Ilustraciones, cuadros mapas |
| 336 ## - TIPO DE CONTENIDO | |
| Fuente | rdacontent |
| Término de tipo de contenido | texto |
| Código de tipo de contenido | txt |
| 337 ## - TIPO DE MEDIO | |
| Fuente | rdamedia |
| Nombre/término del tipo de medio | computadora |
| Código del tipo de medio | c |
| 338 ## - TIPO DE SOPORTE | |
| Fuente | rdacarrier |
| Nombre/término del tipo de soporte | recurso en línea |
| Código del tipo de soporte | cr |
| 502 ## - NOTA DE TESIS | |
| Tipo de título | Ingeniería en Restauración Forestal |
| Nombre de la institución que otorga el título | Departamento de Irrigación, |
| Año de obtención del título | 2024 |
| Información miscelánea | Licenciatura |
| 504 ## - NOTA DE BIBLIOGRAFÍA, ETC. | |
| Nota de bibliografía, etc. | Incluye referencias bibliográficas: páginas 84-89 |
| 650 #4 - PUNTO DE ACCESO ADICIONAL DE MATERIA--TÉRMINO DE MATERIA | |
| 9 (RLIN) | 130816 |
| Término de materia o nombre geográfico como elemento de entrada | Plantas parásitas |
| Subdivisión general | Identificación |
| 650 #4 - PUNTO DE ACCESO ADICIONAL DE MATERIA--TÉRMINO DE MATERIA | |
| 9 (RLIN) | 129987 |
| Término de materia o nombre geográfico como elemento de entrada | Muérdago |
| Subdivisión general | Control |
| 650 #7 - PUNTO DE ACCESO ADICIONAL DE MATERIA--TÉRMINO DE MATERIA | |
| 9 (RLIN) | 14366 |
| Término de materia o nombre geográfico como elemento de entrada | Bosques |
| Subdivisión general | Preservación |
| 650 #4 - PUNTO DE ACCESO ADICIONAL DE MATERIA--TÉRMINO DE MATERIA | |
| 9 (RLIN) | 14369 |
| Término de materia o nombre geográfico como elemento de entrada | Bosques |
| Subdivisión general | Protección |
| 700 1# - PUNTO DE ACCESO ADICIONAL--NOMBRE DE PERSONA | |
| 9 (RLIN) | 20047 |
| Nombre de persona | Castelán Lorenzo, Mario |
| Término indicativo de función/relación | Director |
| 700 1# - PUNTO DE ACCESO ADICIONAL--NOMBRE DE PERSONA | |
| 9 (RLIN) | 102430 |
| Nombre de persona | Santillán Pérez, Javier |
| Término indicativo de función/relación | Secretario |
| 700 1# - PUNTO DE ACCESO ADICIONAL--NOMBRE DE PERSONA | |
| 9 (RLIN) | 123811 |
| Nombre de persona | Zavala Zaragoza, Filiberto |
| Término indicativo de función/relación | Vocal |
| 700 1# - PUNTO DE ACCESO ADICIONAL--NOMBRE DE PERSONA | |
| 9 (RLIN) | 189022 |
| Nombre de persona | Avelar Roblero, Juan Uriel |
| Término indicativo de función/relación | Suplente |
| 700 1# - PUNTO DE ACCESO ADICIONAL--NOMBRE DE PERSONA | |
| 9 (RLIN) | 189023 |
| Nombre de persona | Anzures Vázquez, Elimelec |
| Término indicativo de función/relación | Suplente |
| 856 ## - LOCALIZACIÓN Y ACCESO ELECTRÓNICOS | |
| Identificador Uniforme del Recurso | http://10.13.5.2/tesis/tl/0011243-1_HERNANDEZ_GAYOSSO_FEDERICO.pdf |
| Nota pública | DESCARGAR PDF |
| 942 ## - ELEMENTOS DE PUNTO DE ACCESO ADICIONAL (KOHA) | |
| Fuente del sistema de clasificación o colocación | Clasificación Universidad Autónoma Chapingo |
| Tipo de ítem Koha | Tesis digital |
| Estado de retiro | Estado de pérdida | Fuente del sistema de clasificación o colocación | Estado dañado | Restricciones de uso | No para préstamo | Código de colección | Localización permanente | Ubicación/localización actual | Ubicación en estantería | Fecha de adquisición | Total de préstamos | Signatura topográfica completa | Fecha visto por última vez | Precio válido a partir de | Tipo de ítem Koha |
|---|---|---|---|---|---|---|---|---|---|---|---|---|---|---|---|
| Clasificación Universidad Autónoma de Chapingo | Préstamo interno | Tesis digitales de Licenciatura | Biblioteca Digital | Biblioteca Digital | En línea | 25/04/2024 | Tesis digital | 25/04/2024 | 25/04/2024 | Tesis digital |
